| 000 | 00547nmm a2200181Ia 4500 | ||
|---|---|---|---|
| 008 | 251105s9999||||xx |||||||||||||||||und|| | ||
| 020 | _a9788496813717 | ||
| 041 | _aspa | ||
| 100 | _aRemedios Sánchez, Sergio | ||
| 245 | 0 | _aAníbal de Cartago. Historia y Mito | |
| 264 |
_a[Madrid, España] : _bEdiciones Polifemo, _c2012 |
||
| 300 | _a544 páginas | ||
| 650 | _aHistory of Europe | ||
| 700 | _aRemedios Sánchez, Sergio | ||
| 700 | 1 | _a Prados Martínez, Fernando | |
| 856 | _uhttps://public.digitaliapublishing.com/a/18853 | ||
| 942 | _cCF | ||
| 999 |
_c70416 _d70416 |
||